[Event "BEL FEFB-ch"]
[Site "Fontaine l'Eveque"]
[Date "2004.??.??"]
[Round "3"]
[White "Maoloni, Pascal"]
[Black "Porteman, Eric"]
[Result "1-0"]
[WhiteElo "1961"]
[BlackElo "1988"]
[PlyCount "83"]
[EventDate "2004.05.20"]
[EventType "swiss"]
[EventRounds "7"]
[EventCountry "BEL"]
[SourceTitle "EXT 2008"]
[Source "ChessBase"]
[SourceDate "2007.11.25"]
[SourceVersion "1"]
[SourceVersionDate "2007.11.25"]
[SourceQuality "1"]

1. e4 e6 2. d4 d5 3. Nd2 c5 4. exd5 exd5 5. Ngf3 Bd6 6. Bb5+ Bd7 7. Qe2+ Ne7 8. dxc5 Bxc5 9. Nb3 Bd6 10. 0-0 0-0 11. Bg5 Nbc6 12. c3 Bg4 13. h3 Bh5 14. Qd1 f6 15. Be3 a6 16. Be2 Bf7 17. Nbd4 Re8 18. a4 Rc8 19. Qb3 Na5 20. Qa2 Bb8 21. Rad1 Qc7 22. g3 Ng6 23. Bc1 Ne5 24. Rfe1 g5 25. Nxe5 fxe5 26. Nf5 Qb6 27. Bxg5 Rc6 28. Ne7+ Rxe7 29. Bxe7 Rg6 30. Bh4 e4 31. Kg2 d4 32. Qa3 d3 33. Bh5 Bd6 34. b4 Nc4 35. Qc1 Bd5 36. Bxg6 d2 37. Rxd2 e3+ 38. Rxd5 hxg6 39. Rxe3 Qc6 40. Red3 Ne5 41. Rd1 Bc7 42. a5 1-0